000 00244nam a2200097Ia 4500
001 988659
005 20250826221142.0
008 250824s9999 xx 000 0 und d
245 0 _aSHERLOCK HOLMES 3
_cARTHUR CONAN DOYLE
260 _bDOKUZ YAYINLARI
999 _c988659
_d988659